00691cam a22002291 45000010005000000030008000050050017000130080039000300350018000690400032000870410008001190820020001271000022001472450067001692600035002363000021002714900035002925040030003276100037003576100029003946500038004232248BD-RjUL20211208233518.0131210s1965 nyu b 000 0 eng a(BD-RjUL)2275 aDLCcDLCdDLCdBD-RjULbeng aeng00a329.6bJOR 19651 aJones, Charles O.14aThe Republican Party in American politics /cCharles O. Jones. aNew York :bMacmillan,cc1965. a153 p. ;c21 cm.0 aGovernment in the modern world aBibliography: p. 148-153.20aRepublican Party (U.S. : 1854- )10aUnited States.bCongress 0aPolitical partieszUnited States.